00535nam a2200205Ia 450000500170000000800410001702000230005804000190008104100120010008200170011210000180012924500310014725000280017826000370020630000100024365000220025365100230027570000200029885000110031820240105120919.0131103s9999 xx 000 0 und d a8126011319cRs 270 aLoreto College aEnglish a894.814bBAH aBahaddur, Rao aGramayana,cRao Bahaddur.  aTranslated by P.V.Joshi aNew DelhibSahitya Akademic2002 a608p  aIndian Literature aFiction in Kannada aJoshi, P.V., tr aLCLIB